Missing Word: Retorts & Commentary (A-Z) Quiz Stats

 Plays Quiz Updated Feb 23, 2017

Support Sporcle.
Go Orange.
Score 0/26 Timer 05:00
0 Plays Today
Epigram Missing Word % Correct
He has Van Gogh's ____ for music.ear
94.2%
A good marriage would be between a blind wife and a _____ husband.deaf
93.8%
Even a stopped _____ is right twice a day.clock
86.2%
Better to remain ______ and be thought a fool than to speak out and remove all doubt.silent
83.4%
Thank you for sending me a copy of your book; I'll waste no time ________ it.reading
80.5%
The four most beautiful words in our common _________: I told you so.language
79.3%
That woman speaks eight languages and can't say ''___'' in any of them.no
78.9%
Behind every successful man is a surprised ______.woman
77.5%
The old believe everything, the middle-aged suspect everything, the _____ know everything.young
77.1%
Reader, suppose you were an _____. Now suppose you were a member of Congress. But I repeat myself.idiot
72.5%
He could never see a _____ without hitting below it.belt
70.3%
Bigamy is having one wife too many. _________ is the same.Monogamy
68.1%
Only two things are infinite: the ________ and human stupidity; and I'm not sure about the former.universe
64.8%
Epigram Missing Word % Correct
It must be hard being brilliant with no way to _____ it.prove
60.4%
While he was not dumber than an ___ he was not any smarter either.ox
54.8%
I didn't attend the _______, but I sent a nice letter saying I approved of it.funeral
54.4%
I don't make _____. I just watch the government and report the facts.jokes
53.5%
A journalistic purpose could be someone with a ______ machine in a basement.Xerox
45.7%
Nothing is so firmly believed as that which least is _____.known
44.3%
He has all the virtues I dislike and none of the _____ I admire.vices
43.8%
Bigot, n. One who is obstinately and _________ attached to an opinion that you do not entertain.zealously
37.9%
Some cause _________ wherever they go; others whenever they go.happiness
35.2%
I like long walks, especially when they're taken by people who _____ me.annoy
33.8%
______ everybody, but cut the cards.Trust
31.4%
I never made a mistake in ________ but one in my life and as soon as I done it I seen it.grammar
23.5%
The ability to ______ is a serviceable substitute for wit.quote
22.7%

Today's Daily Dose

Missing Word
'Y-Z' Pairs

Quick Pick
MCU Directors

You're not logged in!

Compare scores with friends on all Sporcle quizzes.
OR
Log In
Forgot?

From the Vault

Song by Opening Lyrics (2000s)

by stanvick

If you can believe it, music lyrics changed a quite bit between the 1900s and the 2000s.
Remove Ads.
Support Sporcle.
Get the best of Sporcle when you Go Orange. This ad-free experience offers more features, more stats, and more fun while also helping to support Sporcle. Thank you for becoming a member.

Show Comments

Extras

Top Quizzes Today


Score Distribution

Your Account Isn't Verified!

In order to create a playlist on Sporcle, you need to verify the email address you used during registration. Go to your Sporcle Settings to finish the process.

Report this User

Report this user for behavior that violates our Community Guidelines.

Details: